| 000 | 00519nam a2200181 i 4500 | ||
|---|---|---|---|
| 001 | bg | ||
| 100 | 1 | _aBIELICKA, Lucyna Anna | |
| 245 | 0 |
_aWprowadzenie do teorii języków informacyjnych / _cL.A. Bielicka, Eugeniusz Ścibor. |
|
| 260 |
_aWarszawa, _c1981. |
||
| 490 | 1 |
_aMateriały Szkoleniowe CINTE ; _v21 |
|
| 700 | 1 | _aŚCIBOR, Eugeniusz | |
| 830 | _aMateriały Szkoleniowe CINTE ; | ||
| 040 | _cBPK | ||
| 041 | _apol | ||
| 080 | _a002.513.5:025.4 | ||
| 942 | _cKS | ||
| 008 | s pl f |000 0 pol | ||
| 999 |
_c23580 _d23580 |
||
| 856 |
_uhttp://koha.tu.koszalin.pl/cgi-bin/koha/opac-detail.pl?biblionumber=23580 _yKatalog online BPK |
||